Hegemonías y emancipaciones en el siglo XXI /
Gespeichert in:
| 1. Verfasser: | |
|---|---|
| Körperschaft: | |
| Weitere Verfasser: | |
| Format: | Text |
| Veröffentlicht: |
Buenos Aires:
CLACSO
|
| Tags: |
Tag hinzufügen
Keine Tags, Fügen Sie den ersten Tag hinzu!
|
MARC
| LEADER | 00000 a a2200000 04500 | ||
|---|---|---|---|
| 001 | 30125 | ||
| 003 | |||
| 040 | |||
| 020 | |a 950-9231-99-1 | ||
| 090 | |a 194403 | ||
| 100 | |a Ceceña, Ana Esther | ||
| 110 | |a CLACSO | ||
| 245 | |a Hegemonías y emancipaciones en el siglo XXI / |c Ana Esther Ceceña | ||
| 260 | |a Buenos Aires: |b CLACSO | ||
| 300 | |a 223 p. | ||
| 700 | |a comp. | ||
| 999 | |c 8886 |d 8886 | ||



